Quantitative methods and computer applications in business
Αποθηκεύτηκε σε:
| Άλλοι συγγραφείς: | , |
|---|---|
| Μορφή: | Βιβλίο |
| Γλώσσα: | English |
| Δημοσίευση: |
Durham, N.C. :
Eno River Press,
1985
|
| Σειρά: | Business administration reading lists and cource outlines ;
; 9 |
| Θέματα: | |
| Ετικέτες: |
Προσθήκη ετικέτας
Δεν υπάρχουν, Καταχωρήστε ετικέτα πρώτοι!
|
MARC
| LEADER | 00000nam a2200000 i 4500 | ||
|---|---|---|---|
| 001 | 1/9558 | ||
| 008 | 000821s1985 eng d | ||
| 020 | |a 0-88024-109-8 | ||
| 035 | |l 10063104 | ||
| 040 | |a GR-MY-UA |b gre |e aacr | ||
| 041 | 0 | |a eng | |
| 082 | 0 | |a 650.071 | |
| 245 | 1 | 0 | |a Quantitative methods and computer applications in business / |c compiled by James W. Dean and Richard Schwindt |
| 260 | |a Durham, N.C. : |b Eno River Press, |c 1985 | ||
| 300 | |a 222 p. | ||
| 490 | 1 | |a Business administration reading lists and course outlines |v ; 9 | |
| 650 | 0 | 0 | |a Business mathematics |x Study and teaching. |
| 650 | 0 | 0 | |a Management |x Study and teaching. |
| 650 | 0 | 0 | |a Business education. |
| 700 | 1 | |a Dean, James W. |4 com | |
| 700 | 1 | |a Schwindt, Richard. |4 com | |
| 830 | 0 | |a Business administration reading lists and cource outlines ; |v ; 9 | |
| 852 | |a INST |b LESVOS |e 20000821 |h 650.071 URB |p 005100023246 |q 005100023246 |t BK |y 620 | ||
| 901 | |a BIBL1-2000-2 | ||
| 909 | |a Λ |b 007442 | ||
| 970 | |z 2000/08/ELIDOC | ||